[Event "2. Bundesliga Ost 2014/2015"]
[Site "1020 Wien, Haus des Schachsports, Marathonweg 14"]
[Date "2014.11.16"]
[Round "4"]
[Board "1"]
[White "Zilka, Stepan"]
[Black "Stohl, Igor"]
[Result "1/2-1/2"]
[WhiteElo "2521"]
[BlackElo "2501"]
[PlyCount "59"]
[EventDate "2014.10.18"]
[EventType "team"]
[EventRounds "11"]
[EventCountry "AUT"]
[WhiteTeam "Blackburne Nickelsdorf"]
[BlackTeam "SG Hietzing/Ottakring"]

1. d4 Nf6 2. c4 e6 3. Nf3 b6 4. g3 Ba6 5. Qc2 c5 6. d5 exd5 7. cxd5 Bb7 8. Bg2
Nxd5 9. Qb3 Nc7 10. Ne5 d5 11. Nc3 Be7 12. Qa4+ Kf8 13. O-O f6 14. Nd3 Bc6 15.
Qc2 d4 16. Ne4 f5 17. Nd2 Bxg2 18. Kxg2 Nc6 19. b4 Qd5+ 20. Kg1 Ne6 21. bxc5
bxc5 22. Qa4 g6 23. Nc4 Kg7 24. Rb1 Nb4 25. Nde5 Bf6 26. f4 Rhd8 27. Bd2 Bxe5
28. Nxe5 Nxa2 29. Rfd1 Rdb8 30. Rxb8 1/2-1/2

[Event "2. Bundesliga Ost 2014/2015"]
[Site "1020 Wien, Haus des Schachsports, Marathonweg 14"]
[Date "2014.11.16"]
[Round "4"]
[Board "2"]
[White "Penz, Harald"]
[Black "Schwarhofer, Christopher"]
[Result "1-0"]
[WhiteElo "2321"]
[BlackElo "2394"]
[PlyCount "91"]
[EventDate "2014.10.18"]
[EventType "team"]
[EventRounds "11"]
[EventCountry "AUT"]
[WhiteTeam "SG Hietzing/Ottakring"]
[BlackTeam "Blackburne Nickelsdorf"]

1. e4 e6 2. Nf3 d5 3. exd5 exd5 4. d4 Bd6 5. Bd3 Bg4 6. O-O Ne7 7. c3 c6 8. Re1
Qc7 9. h3 Bh5 10. Nbd2 Nd7 11. b4 a5 12. b5 cxb5 13. Qb3 O-O 14. Bxb5 Rfc8 15.
Ba3 Nf8 16. c4 dxc4 17. Nxc4 Bxa3 18. Qxa3 Ne6 19. Nce5 Rd8 20. Rac1 Qd6 21.
Qxd6 Rxd6 22. g4 Bg6 23. Nc4 Rdd8 24. Nb6 Rab8 25. Nd7 Rbc8 26. Nc5 Nxc5 27.
Rxc5 Nd5 28. Ne5 Nf4 29. Nxg6 hxg6 30. Kh2 Rxc5 31. dxc5 Rd2 32. Kg3 Ne6 33.
Bc4 Nxc5 34. Re8+ Kh7 35. Bxf7 Rd7 36. Bg8+ Kh6 37. g5+ Kh5 38. Bc4 Rd4 39.
Be2+ Kxg5 40. Re5+ Kf6 41. Rxc5 Rd2 42. Bf3 Rxa2 43. Bxb7 a4 44. Rc6+ Kg5 45.
h4+ Kf5 46. Bc8+ 1-0

[Event "2. Bundesliga Ost 2014/2015"]
[Site "1020 Wien, Haus des Schachsports, Marathonweg 14"]
[Date "2014.11.16"]
[Round "4"]
[Board "3"]
[White "Lendwai, Reinhard"]
[Black "Schneider-Zinner, Harald"]
[Result "1/2-1/2"]
[WhiteElo "2347"]
[BlackElo "2336"]
[PlyCount "62"]
[EventDate "2014.10.18"]
[EventType "team"]
[EventRounds "11"]
[EventCountry "AUT"]
[WhiteTeam "Blackburne Nickelsdorf"]
[BlackTeam "SG Hietzing/Ottakring"]

1. d4 d5 2. c3 Nf6 3. Bg5 e6 4. Nd2 c5 5. e3 h6 6. Bh4 Nc6 7. Ngf3 Bd6 8. Bg3
O-O 9. Bd3 b6 10. Ne5 Qc7 11. f4 a5 12. Bh4 Be7 13. O-O Ba6 14. Bxa6 Rxa6 15.
Bxf6 Bxf6 16. Qh5 Nxe5 17. fxe5 Bg5 18. Qe2 Raa8 19. Nf3 Be7 20. Rad1 Qc6 21.
Rfe1 Rfd8 22. Kh1 Ra7 23. g4 a4 24. a3 b5 25. dxc5 Bxc5 26. Nd4 Bxd4 27. exd4
Qd7 28. Rg1 Qe7 29. Qxb5 Rb7 30. Qe2 Rdb8 31. Rd2 Qg5 1/2-1/2

[Event "2. Bundesliga Ost 2014/2015"]
[Site "1020 Wien, Haus des Schachsports, Marathonweg 14"]
[Date "2014.11.16"]
[Round "4"]
[Board "4"]
[White "Gstach, Jakob"]
[Black "Pinter, Erik"]
[Result "1-0"]
[WhiteElo "2263"]
[BlackElo "2354"]
[PlyCount "215"]
[EventDate "2014.10.18"]
[EventType "team"]
[EventRounds "11"]
[EventCountry "AUT"]
[WhiteTeam "SG Hietzing/Ottakring"]
[BlackTeam "Blackburne Nickelsdorf"]

1. d4 g6 2. c4 Bg7 3. e4 d6 4. Nc3 e5 5. Nge2 Nc6 6. Be3 Nf6 7. d5 Ne7 8. f3 c5
9. Qd2 h5 10. Nc1 a6 11. Be2 b5 12. cxb5 h4 13. bxa6 Nh5 14. Bb5+ Kf8 15. N1e2
f5 16. f4 Kg8 17. fxe5 Bxe5 18. Bg5 Nf6 19. Bf4 Ng4 20. h3 Bxf4 21. Nxf4 Ne5
22. Nd3 Nxd3+ 23. Bxd3 Bxa6 24. Bxa6 Rxa6 25. O-O Rb6 26. Rae1 Rh7 27. Qg5 Rh5
28. Qf6 Qf8 29. e5 Qf7 30. b3 Rh7 31. Rf2 Nc8 32. Qd8+ Qf8 33. Qg5 dxe5 34.
Rxe5 Re7 35. Rfxf5 Qg7 36. Rxe7 Qxe7 37. Qxe7 Nxe7 38. Re5 Nf5 39. Ne4 c4 40.
bxc4 Rb2 41. d6 Kf7 42. c5 Rb1+ 43. Kf2 Rb2+ 44. Kg1 Rb1+ 45. Kh2 Rd1 46. c6
Nxd6 47. Nxd6+ Rxd6 48. Rc5 Rd8 49. c7 Rc8 50. Kg1 Ke7 51. Kf2 Kd7 52. Kf3 Rf8+
53. Kg4 Kc8 54. Rc2 Rh8 55. Kg5 Rh5+ 56. Kxg6 Ra5 57. Kf6 Rd5 58. a4 Rd4 59. a5
Rd5 60. a6 Ra5 61. Rc4 Rxa6+ 62. Kg5 Ra2 63. Rg4 Kxc7 64. Kxh4 Kd6 65. Kg3 Ke5
66. Rb4 Kf5 67. h4 Ra3+ 68. Kh2 Kg6 69. g3 Ra6 70. Kh3 Kh6 71. Rb3 Rc6 72. g4
Ra6 73. Kg3 Rc6 74. h5 Kg7 75. Rb4 Rc1 76. Kf4 Kh6 77. Rb6+ Kg7 78. Kg5 Rc5+
79. Kh4 Ra5 80. Rb4 Ra1 81. g5 Rh1+ 82. Kg4 Rg1+ 83. Kf5 Rf1+ 84. Rf4 Rg1 85.
Rf2 Ra1 86. Rf3 Rg1 87. Rf4 Ra1 88. h6+ Kh7 89. Kg4 Rg1+ 90. Kh5 Rh1+ 91. Rh4
Rg1 92. Re4 Rh1+ 93. Kg4 Rg1+ 94. Kf5 Rf1+ 95. Rf4 Rg1 96. Kf6 Rg2 97. Rf1 Rg3
98. Kf5 Rg2 99. Ra1 Rf2+ 100. Kg4 Rg2+ 101. Kf4 Rf2+ 102. Kg3 Rb2 103. Ra7+ Kg6
104. Rg7+ Kf5 105. h7 Rb3+ 106. Kf2 Rb2+ 107. Ke3 Rh2 108. g6 1-0

[Event "2. Bundesliga Ost 2014/2015"]
[Site "1020 Wien, Haus des Schachsports, Marathonweg 14"]
[Date "2014.11.16"]
[Round "4"]
[Board "5"]
[White "Vlcek, Stanislav"]
[Black "Plank, Franz"]
[Result "1-0"]
[WhiteElo "2321"]
[BlackElo "2259"]
[PlyCount "81"]
[EventDate "2014.10.18"]
[EventType "team"]
[EventRounds "11"]
[EventCountry "AUT"]
[WhiteTeam "Blackburne Nickelsdorf"]
[BlackTeam "SG Hietzing/Ottakring"]

1. c4 e6 2. Nf3 d5 3. g3 dxc4 4. Na3 Bxa3 5. Qa4+ Bd7 6. Qxa3 Bb5 7. Bg2 Nc6 8.
b3 cxb3 9. Qxb3 Qd5 10. Qc3 Qc4 11. Qxc4 Bxc4 12. d3 Ba6 13. Bb2 Nf6 14. Nd2
Nb4 15. O-O O-O-O 16. Rfc1 Nbd5 17. Nf3 Bb5 18. Ne5 Be8 19. a4 Rg8 20. a5 a6
21. Ba3 Nd7 22. Nc4 Kb8 23. e4 b5 24. exd5 bxc4 25. Be7 Kc8 26. dxc4 Nf6 27.
Bxd8 Kxd8 28. dxe6 fxe6 29. Bb7 Bg6 30. Bxa6 Be4 31. c5 Bc6 32. Rab1 Ke7 33.
Bb7 Bxb7 34. Rxb7 Kd7 35. c6+ Kd6 36. a6 Ra8 37. a7 Nd5 38. Ra1 Kxc6 39. Rb8
Nb6 40. Rxa8 Nxa8 41. Rb1 1-0

[Event "2. Bundesliga Ost 2014/2015"]
[Site "1020 Wien, Haus des Schachsports, Marathonweg 14"]
[Date "2014.11.16"]
[Round "4"]
[Board "6"]
[White "Janetschek, Karl"]
[Black "Bachofner, Andreas"]
[Result "1/2-1/2"]
[WhiteElo "2226"]
[BlackElo "2180"]
[PlyCount "130"]
[EventDate "2014.10.18"]
[EventType "team"]
[EventRounds "11"]
[EventCountry "AUT"]
[WhiteTeam "SG Hietzing/Ottakring"]
[BlackTeam "Blackburne Nickelsdorf"]

1. e4 e6 2. d4 d5 3. Nd2 Nf6 4. e5 Nfd7 5. Bd3 c5 6. c3 Nc6 7. Ne2 cxd4 8. cxd4
f6 9. exf6 Nxf6 10. Nf3 Bd6 11. O-O Qc7 12. Bg5 O-O 13. Bh4 Nh5 14. Qc2 h6 15.
Bh7+ Kh8 16. Bg6 Nf4 17. Nxf4 Bxf4 18. Rfe1 Bd7 19. Rad1 Rac8 20. Qe2 Kg8 21.
a3 Bd6 22. Bg3 Bxg3 23. hxg3 Rf6 24. Bb1 Be8 25. Nh2 Kh8 26. Ng4 Bh5 27. Qd3
Rf5 28. Ne3 Bxd1 29. Nxf5 exf5 30. Qxf5 g6 31. Qxg6 Qg7 32. Rxd1 Qxg6 33. Bxg6
Kg7 34. Bh5 Ne7 35. Rd2 Kf6 36. f4 Nf5 37. Kf2 Rc4 38. Bf3 Ke6 39. Re2+ Kd6 40.
Re5 Rc2+ 41. Ke1 Nxg3 42. Rxd5+ Ke7 43. Rc5 Rxb2 44. Rc7+ Kf6 45. Rxb7 Rxb7 46.
Bxb7 Kf5 47. Kd2 Kxf4 48. Kd3 Nf5 49. Bc8 Nd6 50. Bd7 h5 51. a4 a5 52. Be6 h4
53. Bd7 Kg3 54. Bc6 Kf2 55. Ba8 Kg3 56. Ke3 Nc4+ 57. Ke4 Nb6 58. Bc6 Kxg2 59.
Ke5+ Kf2 60. d5 Ke3 61. d6 h3 62. Ke6 Kd4 63. d7 Nxd7 64. Kxd7 Kc5 65. Kc7 Kb4
 1/2-1/2

[Event "2. Bundesliga Ost 2014/2015"]
[Site "1020 Wien, Haus des Schachsports, Marathonweg 14"]
[Date "2014.11.16"]
[Round "4"]
[Board "1"]
[White "Weinzettl, Ernst"]
[Black "Brod, Manfred"]
[Result "0-1"]
[WhiteElo "2297"]
[BlackElo "2266"]
[PlyCount "105"]
[EventDate "2014.10.18"]
[EventType "team"]
[EventRounds "11"]
[EventCountry "AUT"]
[WhiteTeam "ASVOE VHS Poechlarn"]
[BlackTeam "ASVOE Mattersburg"]

1. e4 c5 2. Nf3 g6 3. d4 cxd4 4. Qxd4 Nf6 5. Nc3 Nc6 6. Qe3 d6 7. h3 Bg7 8. Bc4
O-O 9. O-O Na5 10. Bd3 Nd7 11. Bd2 a6 12. Rad1 b5 13. b3 Bb7 14. a4 Rc8 15. Qe1
bxa4 16. Nxa4 Nc6 17. c3 Qc7 18. Qe2 a5 19. Be3 Rfe8 20. Bb1 Ra8 21. Rfe1 Ba6
22. Qa2 Reb8 23. Nd4 Nd8 24. Rc1 Nb7 25. Qd2 Nbc5 26. Nxc5 dxc5 27. Nf3 Rxb3
28. Ba2 c4 29. Bxb3 cxb3 30. Red1 a4 31. Qb2 Bc4 32. Qa3 e6 33. Qe7 Bf8 34.
Rxd7 Bxe7 35. Rxc7 a3 36. Rb7 b2 37. Re1 Bd6 38. e5 Rb8 39. Ra7 a2 40. Rxa2
Bxa2 41. exd6 b1=Q 42. Rxb1 Rxb1+ 43. Kh2 Kf8 44. Bg5 Rd1 45. Be7+ Ke8 46. Ng5
h6 47. Ne4 f5 48. Nc5 Bc4 49. h4 e5 50. Na4 Rb1 51. Nc5 Rb6 52. f3 Rc6 53. Kg3
 0-1

[Event "2. Bundesliga Ost 2014/2015"]
[Site "1020 Wien, Haus des Schachsports, Marathonweg 14"]
[Date "2014.11.16"]
[Round "4"]
[Board "2"]
[White "Salamon, Werner"]
[Black "Ganaus, Hannes"]
[Result "0-1"]
[WhiteElo "2116"]
[BlackElo "2322"]
[PlyCount "64"]
[EventDate "2014.10.18"]
[EventType "team"]
[EventRounds "11"]
[EventCountry "AUT"]
[WhiteTeam "ASVOE Mattersburg"]
[BlackTeam "ASVOE VHS Poechlarn"]

1. e4 c6 2. c4 g6 3. d4 Bg7 4. Nc3 d6 5. f4 Qb6 6. Nf3 Bg4 7. d5 Na6 8. Na4 Qc7
9. Be2 Nf6 10. h3 Bxf3 11. Bxf3 O-O 12. O-O cxd5 13. cxd5 b5 14. Qe2 Qa5 15.
Nc3 b4 16. Nd1 Nc5 17. Nf2 Nb3 18. Rb1 Nd4 19. Qc4 Nxf3+ 20. gxf3 Qb6 21. Bd2
Rab8 22. Kg2 Rfc8 23. Qb3 Nd7 24. Nd3 a5 25. Rbc1 Qd4 26. Rfe1 a4 27. Qxa4 Qxd3
28. Bxb4 Nc5 29. Bxc5 Rxc5 30. Rxc5 Qd2+ 31. Kf1 dxc5 32. Re2 Qd3 0-1

[Event "2. Bundesliga Ost 2014/2015"]
[Site "1020 Wien, Haus des Schachsports, Marathonweg 14"]
[Date "2014.11.16"]
[Round "4"]
[Board "3"]
[White "Wilke, Werner"]
[Black "Strodl, Joachim"]
[Result "1/2-1/2"]
[WhiteElo "2225"]
[BlackElo "2084"]
[PlyCount "116"]
[EventDate "2014.10.18"]
[EventType "team"]
[EventRounds "11"]
[EventCountry "AUT"]
[WhiteTeam "ASVOE VHS Poechlarn"]
[BlackTeam "ASVOE Mattersburg"]

1. e4 g6 2. d4 Bg7 3. Nc3 c5 4. dxc5 Bxc3+ 5. bxc3 Qa5 6. Qd4 Nf6 7. Qb4 Nc6 8.
Qxa5 Nxa5 9. Bd3 b6 10. cxb6 axb6 11. Be3 d5 12. e5 Nd7 13. f4 Ba6 14. Nf3 O-O
15. O-O Nc4 16. Bd4 e6 17. a4 Rfc8 18. Rfb1 Rc6 19. g4 Na5 20. Bb5 Bxb5 21.
axb5 Rcc8 22. Ra2 Nc4 23. Rba1 Ra5 24. Rxa5 bxa5 25. Bf2 Rb8 26. Nd4 Rb7 27. h4
f6 28. exf6 Nxf6 29. Re1 Ne4 30. Nxe6 Rxb5 31. Nc7 Rb2 32. Bd4 Ncd2 33. Kg2
Rxc2 34. Nxd5 Nc4+ 35. Kh3 Ncd6 36. Ra1 Nc4 37. Rb1 Rb2 38. Re1 Ncd2 39. Ra1
Nf3 40. Nf6+ Nxf6 41. Bxf6 Kf7 42. g5 Nd2 43. Rxa5 Ne4 44. Ra7+ Ke6 45. Kg4 h5+
46. Kf3 Nd2+ 47. Ke2 Nb3+ 48. Ke3 Rh2 49. Rb7 Rh3+ 50. Kf2 Nd2 51. Rb5 Rxh4 52.
Re5+ Kd6 53. Be7+ Kc6 54. Bb4 Rh2+ 55. Kg3 Nf1+ 56. Kf3 Nd2+ 57. Kg3 Nf1+ 58.
Kf3 Nd2+ 1/2-1/2

[Event "2. Bundesliga Ost 2014/2015"]
[Site "1020 Wien, Haus des Schachsports, Marathonweg 14"]
[Date "2014.11.16"]
[Round "4"]
[Board "4"]
[White "Savio, Alfred Jun."]
[Black "Loidl, Florian"]
[Result "1/2-1/2"]
[WhiteElo "2043"]
[BlackElo "2208"]
[PlyCount "95"]
[EventDate "2014.10.18"]
[EventType "team"]
[EventRounds "11"]
[EventCountry "AUT"]
[WhiteTeam "ASVOE Mattersburg"]
[BlackTeam "ASVOE VHS Poechlarn"]

1. Nc3 c6 2. e4 d5 3. Nf3 dxe4 4. Nxe4 Bg4 5. Bc4 e6 6. h3 Bh5 7. Ng3 Bg6 8. d4
Nd7 9. Qe2 Ngf6 10. O-O Be7 11. Re1 O-O 12. Ne5 Nb6 13. c3 Nxc4 14. Nxg6 hxg6
15. Qxc4 Qd5 16. Qe2 Rfd8 17. Be3 c5 18. c4 Qc6 19. dxc5 Bxc5 20. Bxc5 Qxc5 21.
Rad1 Rac8 22. b3 a6 23. Rxd8+ Rxd8 24. Rd1 Rxd1+ 25. Qxd1 b5 26. Qd3 bxc4 27.
Qxc4 Qxc4 28. bxc4 Kf8 29. Kf1 Ke7 30. Ke2 Kd6 31. Kd3 Kc5 32. Kc3 a5 33. Kb3
Nd7 34. Ne4+ Kd4 35. Nd6 Nc5+ 36. Kc2 f5 37. Ne8 e5 38. Nxg7 e4 39. h4 f4 40.
h5 gxh5 41. Nxh5 e3 42. fxe3+ fxe3 43. Ng3 Kxc4 44. Nf5 e2 45. Kd2 Ne4+ 46.
Kxe2 Nc3+ 47. Kd2 Nxa2 48. Kc2 1/2-1/2

[Event "2. Bundesliga Ost 2014/2015"]
[Site "1020 Wien, Haus des Schachsports, Marathonweg 14"]
[Date "2014.11.16"]
[Round "4"]
[Board "5"]
[White "Ernst, Michael"]
[Black "Ganauser, Eduard"]
[Result "1-0"]
[WhiteElo "2134"]
[BlackElo "2015"]
[PlyCount "127"]
[EventDate "2014.10.18"]
[EventType "team"]
[EventRounds "11"]
[EventCountry "AUT"]
[WhiteTeam "ASVOE VHS Poechlarn"]
[BlackTeam "ASVOE Mattersburg"]

1. d4 Nf6 2. c4 e6 3. Nc3 Bb4 4. Qc2 O-O 5. a3 Bxc3+ 6. Qxc3 Ne4 7. Qc2 d5 8.
Nh3 b6 9. f3 Nf6 10. e3 Bb7 11. Bd3 dxc4 12. Bxc4 Nbd7 13. O-O c5 14. dxc5 Nxc5
15. b4 Ncd7 16. Bb2 Rc8 17. Qe2 Nd5 18. Rac1 Qe7 19. Rfd1 Rfd8 20. Qf2 a6 21.
e4 N5f6 22. Qg3 b5 23. Bb3 Nb6 24. Rxd8+ Qxd8 25. Rd1 Qe7 26. Qg5 h6 27. Qf4
Ne8 28. Nf2 Nc4 29. Bxc4 Rxc4 30. Nd3 Rc2 31. Nc5 Bc6 32. Rd2 Rxd2 33. Qxd2 a5
34. Qc3 axb4 35. axb4 f6 36. Qb3 Nc7 37. Bc1 Kf8 38. Be3 Kg8 39. Bf4 Ne8 40.
Qxe6+ Qxe6 41. Nxe6 g5 42. Bg3 Ng7 43. Nd4 Bd7 44. Kf2 Kf7 45. Ke3 Ke7 46. Be1
Kd6 47. Bg3+ Ke7 48. Bb8 h5 49. g3 Ne8 50. Nf5+ Kd8 51. f4 Kc8 52. Ba7 gxf4+
53. Kxf4 Nc7 54. Nd6+ Kd8 55. Bb6 Bc6 56. Nf5 Kd7 57. Bxc7 Kxc7 58. Ne7 Be8 59.
Nd5+ Kd6 60. Nxf6 Bf7 61. Kf5 h4 62. gxh4 Be6+ 63. Kf4 Bf7 64. h5 1-0

[Event "2. Bundesliga Ost 2014/2015"]
[Site "1020 Wien, Haus des Schachsports, Marathonweg 14"]
[Date "2014.11.16"]
[Round "4"]
[Board "6"]
[White "Plank, Reinhard"]
[Black "Gratze, Michael"]
[Result "1-0"]
[WhiteElo "1896"]
[BlackElo "2017"]
[PlyCount "137"]
[EventDate "2014.10.18"]
[EventType "team"]
[EventRounds "11"]
[EventCountry "AUT"]
[WhiteTeam "ASVOE Mattersburg"]
[BlackTeam "ASVOE VHS Poechlarn"]

1. e4 e6 2. d4 d5 3. Nd2 Nf6 4. e5 Nfd7 5. Bd3 c5 6. c3 Nc6 7. Ne2 cxd4 8. cxd4
f6 9. exf6 Nxf6 10. O-O Bd6 11. Nf3 O-O 12. Bg5 Qc7 13. Ng3 Bd7 14. Rc1 Be8 15.
Re1 h6 16. Bd2 Qf7 17. Qe2 Bd7 18. Bb1 Bxg3 19. hxg3 Rae8 20. Rxc6 Bxc6 21. Bb4
Ne4 22. Bxe4 dxe4 23. Ne5 Qf5 24. Bxf8 Rxf8 25. Rc1 Bd5 26. Rc7 h5 27. Qe3 h4
28. gxh4 Qf6 29. Qg3 Qh6 30. Ng6 Rd8 31. Ne7+ Kh7 32. Nxd5 Rxd5 33. Rxb7 Rxd4
34. Rxa7 e3 35. fxe3 Re4 36. Qg5 Rxe3 37. Qxh6+ Kxh6 38. Kf2 Re4 39. Ra6 Kh5
40. Ra7 g6 41. g3 Rc4 42. Kf3 Kh6 43. Ra6 Rc2 44. Rxe6 Rxb2 45. Re2 Rb1 46. Kg4
Rb4+ 47. Kh3 g5 48. hxg5+ Kxg5 49. Re5+ Kf6 50. Ra5 Rb2 51. g4 Kg6 52. a4 Ra2
53. Ra8 Kg5 54. Ra5+ Kg6 55. Kg3 Ra1 56. Kf4 Rf1+ 57. Ke4 Ra1 58. Kd4 Rc1 59.
Rc5 Ra1 60. Rc4 Kf6 61. Kc5 Ke5 62. Rb4 Rc1+ 63. Kb6 Kd5 64. Rb5+ Kd6 65. g5
Rc6+ 66. Ka5 Rc4 67. g6 Kc6 68. Rg5 Kb7 69. g7 1-0

[Event "2. Bundesliga Ost 2014/2015"]
[Site "1020 Wien, Haus des Schachsports, Marathonweg 14"]
[Date "2014.11.16"]
[Round "4"]
[Board "1"]
[White "Smolen, Jan"]
[Black "Stanec, Nikolaus"]
[Result "1-0"]
[WhiteElo "2453"]
[BlackElo "2492"]
[PlyCount "75"]
[EventDate "2014.10.18"]
[EventType "team"]
[EventRounds "11"]
[EventCountry "AUT"]
[WhiteTeam "ASVOE Pamhagen"]
[BlackTeam "SC Donaustadt"]

1. e4 e5 2. Nc3 Nf6 3. f4 d5 4. fxe5 Nxe4 5. Nf3 Be7 6. Qe2 Nxc3 7. dxc3 O-O 8.
Bf4 Be6 9. O-O-O c5 10. h4 c4 11. Ng5 Bxg5 12. hxg5 Re8 13. Qh5 Bf5 14. Bxc4
dxc4 15. Rxd8 Rxd8 16. Qe2 Nd7 17. g6 Bxg6 18. e6 fxe6 19. Qxe6+ Bf7 20. Qe4
Nf8 21. Qxb7 Bd5 22. Qa6 Bxg2 23. Rg1 Bd5 24. b4 Rd7 25. Be5 Re8 26. Bd4 Rf7
27. Qb5 Rd8 28. Rg5 Rfd7 29. Bf6 h6 30. Rxg7+ Rxg7 31. Bxd8 Rd7 32. Bh4 Kf7 33.
Bf2 h5 34. a4 Ke6 35. Qa6+ Ke5 36. Qh6 Ne6 37. Bg3+ Ke4 38. Qxh5 1-0

[Event "2. Bundesliga Ost 2014/2015"]
[Site "1020 Wien, Haus des Schachsports, Marathonweg 14"]
[Date "2014.11.16"]
[Round "4"]
[Board "2"]
[White "Pingitzer, Harald"]
[Black "Lipka, Juraj"]
[Result "1/2-1/2"]
[WhiteElo "2269"]
[BlackElo "2412"]
[PlyCount "43"]
[EventDate "2014.10.18"]
[EventType "team"]
[EventRounds "11"]
[EventCountry "AUT"]
[WhiteTeam "SC Donaustadt"]
[BlackTeam "ASVOE Pamhagen"]

1. Nf3 g6 2. d4 Bg7 3. g3 d5 4. Bg2 c5 5. c3 cxd4 6. cxd4 Nc6 7. O-O Nh6 8.
Bxh6 Bxh6 9. Nc3 O-O 10. Qb3 e6 11. Rfd1 b6 12. Ne5 Bb7 13. Nxc6 Bxc6 14. e3
Qd7 15. Bf1 Rfb8 16. a4 Bf8 17. Rdc1 a6 18. Be2 Be7 19. Qc2 Rc8 20. Qb3 Rcb8
21. Qc2 Rc8 22. Qb3 1/2-1/2

[Event "2. Bundesliga Ost 2014/2015"]
[Site "1020 Wien, Haus des Schachsports, Marathonweg 14"]
[Date "2014.11.16"]
[Round "4"]
[Board "3"]
[White "Vitouch, Anatol"]
[Black "Kummer, Helmut"]
[Result "1-0"]
[WhiteElo "2314"]
[BlackElo "2354"]
[PlyCount "141"]
[EventDate "2014.10.18"]
[EventType "team"]
[EventRounds "11"]
[EventCountry "AUT"]
[WhiteTeam "ASVOE Pamhagen"]
[BlackTeam "SC Donaustadt"]

1. c4 e5 2. g3 Nf6 3. Bg2 d5 4. cxd5 Nxd5 5. Nc3 Nb6 6. Nf3 Nc6 7. O-O Be7 8.
Rb1 g5 9. b4 g4 10. Ne1 Nxb4 11. Nc2 c5 12. Ne3 h5 13. a3 Nc6 14. Bxc6+ bxc6
15. Qc2 Qd6 16. Ne4 Qg6 17. Bb2 h4 18. Bxe5 Rh5 19. Nd6+ Bxd6 20. Qxg6 fxg6 21.
Bxd6 Be6 22. d3 O-O-O 23. Bf4 Rd4 24. Rfc1 Kd7 25. Ng2 Ra4 26. Be3 hxg3 27.
fxg3 Rxa3 28. Bxc5 Ra2 29. Bxb6 axb6 30. Rxb6 Rb5 31. Rcxc6 Rxb6 32. Rxb6 g5
33. Kf2 Bd5 34. Ne1 Be6 35. Rb5 Ke7 36. Rxg5 Kf6 37. Rc5 Bb3 38. Ng2 Ra8 39.
Nf4 Bf7 40. Rc6+ Ke5 41. e4 Kd4 42. Rd6+ Kc5 43. Rd7 Be8 44. Rd5+ Kb4 45. e5
Bc6 46. Rd4+ Kb5 47. e6 Kc5 48. Ke3 Re8 49. Rc4+ Kd6 50. d4 Bf3 51. d5 Ke5 52.
Rd4 Kd6 53. Nd3 Rh8 54. Kf4 Rxh2 55. Ne5 Bxd5 56. Nxg4 Rh8 57. Ne3 Rf8+ 58. Kg5
Rg8+ 59. Kf6 Rf8+ 60. Kg7 Rf3 61. Nxd5 Kxe6 62. Nf4+ Kf5 63. Nh5 Kg5 64. Rd5+
Kg4 65. Kg6 Ra3 66. Rd4+ Kh3 67. g4 Ra6+ 68. Nf6 Ra5 69. g5 Rb5 70. Kh6 Rb6 71.
Kg7 1-0

[Event "2. Bundesliga Ost 2014/2015"]
[Site "1020 Wien, Haus des Schachsports, Marathonweg 14"]
[Date "2014.11.16"]
[Round "4"]
[Board "4"]
[White "Petroczi, Thomas"]
[Black "Jacko, Vladimir"]
[Result "0-1"]
[WhiteElo "2210"]
[BlackElo "2269"]
[PlyCount "78"]
[EventDate "2014.10.18"]
[EventType "team"]
[EventRounds "11"]
[EventCountry "AUT"]
[WhiteTeam "SC Donaustadt"]
[BlackTeam "ASVOE Pamhagen"]

1. d4 Nf6 2. Bg5 g6 3. Nf3 Bg7 4. e3 O-O 5. Bd3 d6 6. O-O Nc6 7. c3 h6 8. Bh4
Qe8 9. Nbd2 e5 10. Qc2 Kh8 11. e4 Nh5 12. dxe5 dxe5 13. Rfe1 Be6 14. b4 a6 15.
Nc4 f6 16. Nfd2 f5 17. f3 f4 18. a4 Nf6 19. b5 Bxc4 20. Nxc4 Nd8 21. Bf2 Rg8
22. Red1 Bf8 23. Nd2 g5 24. bxa6 bxa6 25. Nb3 g4 26. Bh4 Be7 27. Be2 h5 28.
Bxf6+ Bxf6 29. Rd5 c6 30. Rd2 Ra7 31. Rad1 Rag7 32. Kh1 Bh4 33. Bc4 Ne6 34. Qd3
Qg6 35. Qf1 Bg3 36. Bxe6 Qxe6 37. Nc5 Qe7 38. Rd6 Qh4 39. Qg1 Bf2 0-1

[Event "2. Bundesliga Ost 2014/2015"]
[Site "1020 Wien, Haus des Schachsports, Marathonweg 14"]
[Date "2014.11.16"]
[Round "4"]
[Board "5"]
[White "Alvir, Aco"]
[Black "Schwab, Rene"]
[Result "1/2-1/2"]
[WhiteElo "2343"]
[BlackElo "2217"]
[PlyCount "51"]
[EventDate "2014.10.18"]
[EventType "team"]
[EventRounds "11"]
[EventCountry "AUT"]
[WhiteTeam "ASVOE Pamhagen"]
[BlackTeam "SC Donaustadt"]

1. e4 c6 2. d4 d5 3. Nc3 dxe4 4. Nxe4 Nf6 5. Nxf6+ gxf6 6. c3 Qd5 7. c4 Qd6 8.
Nf3 Bg4 9. Be2 Bxf3 10. Bxf3 Qb4+ 11. Bd2 Qxc4 12. Rc1 Qxd4 13. Qe2 Qe5 14. Be3
Qa5+ 15. Bd2 Qe5 16. Be3 Qa5+ 17. b4 Qxb4+ 18. Bd2 Qd6 19. O-O Nd7 20. Be3 Ne5
21. Bh5 Qd3 22. Qb2 Qb5 23. Qc2 Qd3 24. Qb2 Qb5 25. Qc2 Qd3 26. Qb2 1/2-1/2

[Event "2. Bundesliga Ost 2014/2015"]
[Site "1020 Wien, Haus des Schachsports, Marathonweg 14"]
[Date "2014.11.16"]
[Round "4"]
[Board "6"]
[White "Schwab, Lukas"]
[Black "Hapala, Elisabeth"]
[Result "0-1"]
[WhiteElo "1876"]
[BlackElo "2077"]
[PlyCount "130"]
[EventDate "2014.10.18"]
[EventType "team"]
[EventRounds "11"]
[EventCountry "AUT"]
[WhiteTeam "SC Donaustadt"]
[BlackTeam "ASVOE Pamhagen"]

1. e4 e5 2. Nf3 Nc6 3. Bb5 a6 4. Ba4 Nf6 5. O-O Be7 6. Re1 b5 7. Bb3 d6 8. c3
O-O 9. h3 Nb8 10. d4 Nbd7 11. Nbd2 Bb7 12. a4 c5 13. Bc2 Qc7 14. Nf1 Rfe8 15.
Ng3 g6 16. d5 c4 17. Nh2 Bf8 18. Ng4 Nxg4 19. Qxg4 Bg7 20. h4 Nf6 21. Qf3 h5
22. Qe2 Ng4 23. f3 Qb6+ 24. Kh1 Nf6 25. Be3 Qd8 26. Bg5 Qd7 27. Nf1 Nh7 28. Bd2
Bf6 29. Qf2 Qe7 30. g3 Nf8 31. Ne3 Nd7 32. Ng2 Kg7 33. Kg1 Nc5 34. g4 hxg4 35.
fxg4 Qd7 36. Rf1 Bd8 37. h5 g5 38. Ne3 f6 39. Nf5+ Kf7 40. Qh2 Kg8 41. h6 Kh7
42. Qh5 Rf8 43. Kg2 Bc7 44. Rf3 Qf7 45. Qh3 Qg6 46. Ne7 Qe8 47. Nf5 Qg6 48.
Raf1 Rae8 49. Be3 Bc8 50. Bxc5 dxc5 51. d6 Bb8 52. Ne7 Qf7 53. Bb1 Bxd6 54. Nd5
Be7 55. Nxf6+ Bxf6 56. Rxf6 Qxf6 57. Rxf6 Rxf6 58. Qe3 Kxh6 59. Qxc5 Bxg4 60.
axb5 axb5 61. Qxb5 Ref8 62. Qxe5 Rf2+ 63. Kg1 Bh3 64. Kh1 Kh5 65. Ba2 Re2 0-1

[Event "2. Bundesliga Ost 2014/2015"]
[Site "1020 Wien, Haus des Schachsports, Marathonweg 14"]
[Date "2014.11.16"]
[Round "4"]
[Board "2"]
[White "Tuncer, Ufuk"]
[Black "Hangweyrer, Manfred"]
[Result "1/2-1/2"]
[WhiteElo "2322"]
[BlackElo "2362"]
[PlyCount "59"]
[EventDate "2014.10.18"]
[EventType "team"]
[EventRounds "11"]
[EventCountry "AUT"]
[WhiteTeam "SK Advisory Invest Baden"]
[BlackTeam "SK Austria"]

1. Nf3 Nf6 2. d4 d5 3. Bf4 c6 4. e3 Bf5 5. c4 e6 6. Nc3 Nbd7 7. Qb3 Qb6 8. c5
Qxb3 9. axb3 a6 10. b4 Rc8 11. h3 Be7 12. Nd2 Bd8 13. f3 Bc7 14. Bxc7 Rxc7 15.
b5 O-O 16. b6 Rcc8 17. Nb3 Rb8 18. Na5 e5 19. Kf2 exd4 20. exd4 Rfe8 21. g4 Be6
22. Bxa6 bxa6 23. Nxc6 Rbc8 24. Nb4 Nxc5 25. dxc5 Rxc5 26. Nxa6 Rc6 27. g5 Nd7
28. Nc7 Rb8 29. N3xd5 Kf8 30. Rhd1 1/2-1/2